| 000 | 00982cam2a220027700 4500 | ||
|---|---|---|---|
| 001 | lce00852561 | ||
| 008 | 740118s1974 wiua bs 001 0 eng | ||
| 010 | _a 73002048 //r85 | ||
| 020 | _a0299064107 | ||
| 020 |
_c _13.50 |
||
| 035 | _a(Sirsi) r69548 | ||
| 035 | _a(DLC) 73002048 //r85 | ||
| 035 | _a(UPRA)lce00852561 | ||
| 043 | _af-tz--- | ||
| 050 | 0 |
_aJS7697.9.M682 _bS24 1974 |
|
| 082 | _a320.9/678/26 | ||
| 100 | 1 |
_aSamoff, Joel. _6A30680.1 |
|
| 245 | 1 | 0 | _aTanzania; local politics and the structure of power. |
| 260 |
_a[Madison] _bUniversity of Wisconsin Press _c[1974] |
||
| 504 | _aBibliography: p. 257-273. | ||
| 610 | 2 | 0 |
_aTANU (Organization) _6S916.1 |
| 650 | 0 |
_aLocal government -- Tanzania -- Moshi. _zLocal government -- Tanzania -- Moshi. _zLocal government -- Tanzania -- Moshi. _6S22351.1 |
|
| 949 |
_aJS7697.9.M682 _wlcc _i33729001884886 _mMAIN _p2500 _tBOOK _lON-SHELF |
||
| 949 |
_aJS7697.9.M682 _wlcc _i-94196 _mMAIN _tBOOK _lON-SHELF |
||
| 004 | 69548 | ||
| 999 |
_c188418 _d188418 |
||